01121nam a2200301Ia 450000500170000000800410001702000180005810000280007624501160010425000180022030000250023849000250026350000550028858600370034365000360038065000400041665000300045665000360048665100590052265100430058170000290062426400320065333600270068533700330071233800280074504000350077308400110080820220317001514.0161108s2015 ck g 000 f s  a97895842425321 aModiano, Patrickd1947-10aDora BrudercPatrick Modiano ; prólogo de Adolfo García Ortega ; traducción del francés por Marina Pino a3a. edición a127 páginasc24 cm aBiblioteca formentor aIncluye datos biográficos del autor en la solapa aPremio Nobel de Literatura, 2014142LEMBaNovela francesaySiglo XX142LEMBaLiteratura francesaySiglo XX142LEMBaNovela biográfica142LEMBaRealidad en la literatura 4aAuschwitz (Polonia : Campo de concentración)vNovela 4aHolocausto judío (1939-1945)vNovela1 aPino, Marinaetraductora aBogotábSeix Barralc2015 atextobtxt2rdacontent asin mediaciónbn2rdamedia avolumenbnc2rdacarrier aCO-BoRNBPbspaerdacCO-BoRNBP aN MOD1